|
|
|
|
| LEADER |
00784nam a22001937i 4500 |
| 003 |
GR-PaULI |
| 005 |
20210117210406.0 |
| 008 |
170529b1980 gr ||||f |||| 00| 1 gr d |
| 040 |
|
|
|a GR-PaULI
|b gre
|c GR-PaULI
|e AACR2
|
| 041 |
0 |
|
|a gre
|
| 082 |
0 |
4 |
|2 23
|a 889.334
|
| 100 |
1 |
|
|9 159235
|a Πανταζής, Προκόπης,
|d 1923-1985
|e συγγραφέας
|
| 245 |
1 |
0 |
|a Εθελοντές της κακουχίας /
|c Προκόπης Πανταζής.
|
| 260 |
|
|
|a Αθήνα :
|b Κέδρος,
|c 1980.
|
| 300 |
|
|
|a 93 σ. ;
|c 17 εκ.
|
| 942 |
|
|
|2 ddc
|c BK15
|
| 952 |
|
|
|0 0
|1 0
|2 ddc
|4 0
|6 889_334000000000000_ΠΑΝ
|7 0
|9 212682
|a LISP
|b LISP
|c DON
|d 2017-05-29
|e ΒΑΛ
|i 128551
|l 0
|o 889.334 ΠΑΝ
|r 2017-05-29 00:00:00
|t 1
|v 2017.00
|w 2017-05-29
|y BK15
|
| 998 |
|
|
|c ΣΑΤΛΑΝΗΣ
|d 2017-05
|
| 999 |
|
|
|c 129370
|d 129370
|